00723nam a2200241 a 4500001001300000003000900013005001700022008004100039020002600080082001500106100001500121245004800136260004200184300000900226500003500235505001000270650004000280700001500320902000800335942000700343952011600350999001500466nice12345678IN_TiNIC20260116012258.0050524s1987 leia grp 000 0 eng  a0851115 c732.3100a261.7bHEL aHelm, Paul aObjective Knowledgeb Christian Perspective aLeicesterbInter Varsity Press c1987 a192p aincludes index and biblioraphy2 aIndex aObjectivity-Religious Aspect-Christ1 aHelm, Paul bSRS cBK 001040708StackRoom-aHMIbHMId2007-07-10g732.31l0o261.7 HELp013021r2007-07-10v732.31w2005-05-24yBK c6363d6363